| 000 | 00396pab a2200157 454500 | ||
|---|---|---|---|
| 008 | 180718b1973 xxu||||| |||| 00| 0 eng d | ||
| 100 | _aDayal, Ishwar | ||
| 245 | _aOrganisation for public policy in government | ||
| 260 | _c1973 | ||
| 300 | _ap.429-440. | ||
| 362 | _aOct-Dec | ||
| 650 | _aPublic policy | ||
| 773 | _aIndian Journal of Public Administration | ||
| 908 | _aN | ||
| 909 | _a99932 | ||
| 999 |
_c99931 _d99931 |
||